Statistics for Name All The Semi-Recognized Countries.

Click here to take the quiz!

General Stats

  • This quiz has been taken 32 times
  • The average score is 9 of 11

Answer Stats

Answer% Correct
Palestine
100%
Taiwan
97%
Israel
94%
Kosovo
94%
Western Sahara
88%
Northern Cyprus
84%
Somaliland
81%
Transnistria
72%
Abkhazia
69%
South Ossetia
59%
Artsakh
25%

Score Distribution

Percentile by Number Answered

Percent of People with Each Score

Your Score History

You have not taken this quiz